000 00384nam a2200145 i 4500
001 bg
245 0 _aBibliografia Pomorza Zachodniego /
_coprac. Cecylia Gałczyńska. T.6: 1963-1964.
260 _aSzczecin,
_c1967.
700 1 _aGałczyńska, Cecylia.
_eOprac.
040 _cBPK
041 _apol
080 _a016(438)
942 _cKS
008 s pl f |000 0 pol
999 _c14274
_d14274
856 _uhttp://koha.tu.koszalin.pl/cgi-bin/koha/opac-detail.pl?biblionumber=14274
_yKatalog online BPK